|
|
|
|
| LEADER |
01132nam a2200277 a 4500 |
| 001 |
13872576 |
| 008 |
100929r2009 enka b 001 0 eng d |
| 010 |
|
|
|a 2005043613
|
| 020 |
|
|
|a 0321263545
|
| 020 |
|
|
|a 9788131718407
|
| 040 |
|
|
|a DLC
|c DLC
|d DLC
|d BD-DhAAL
|
| 082 |
0 |
0 |
|a 004/.36
|2 22
|
| 100 |
1 |
|
|a Coulouris, George F.
|
| 245 |
1 |
0 |
|a Distributed systems :
|b concepts and design /
|c George Coulouris, Jean Dollimore, Tim Kindberg.
|
| 250 |
|
|
|a 4th ed.
|
| 260 |
|
|
|a Harlow, England ;
|a New York :
|b Addison-Wesley ;
|a New Delhi :
|b Pearson Education
|c 2009.[Reprinted]
|
| 300 |
|
|
|a xiv, 849 p. :
|b ill. ;
|c 24 cm.
|
| 490 |
0 |
|
|a International computer science series
|
| 504 |
|
|
|a Includes bibliographical references and index.
|
| 541 |
1 |
|
|e 00021154
|
| 650 |
|
0 |
|a Electronic data processing
|x Distributed processing.
|
| 700 |
1 |
|
|a Dollimore, Jean.
|
| 700 |
1 |
|
|a Kindberg, Tim.
|
| 852 |
4 |
|
|a Ayesha Abed Library
|j General shelf
|
| 999 |
|
|
|c 9600
|d 9600
|
| 952 |
|
|
|0 0
|1 0
|2 ddc
|4 0
|6 004_360000000000000_COU_2009
|7 0
|9 12215
|a BRACUL
|b BRACUL
|c GEN
|d 2010-09-30
|g 593.25
|l 4
|m 9
|o 004.36 COU
|p 3010021154
|q 2023-05-18
|r 2022-06-15
|s 2022-06-15
|t 1
|w 2010-09-30
|y BK
|